书目信息 |
| 题名: |
中级财务会计实验手册
|
|
| 作者: | 欧阳爱平 编 | |
| 分册: | ||
| 出版信息: | 北京 中央广播电视大学出版社 |
|
| 页数: | 254页 | |
| 开本: | 20cm | |
| 丛书名: | ||
| 单 册: | ||
| 中图分类: | F234.4 | |
| 科图分类: | ||
| 主题词: | 会计 | |
| 电子资源: | ||
| ISBN: | 978-7-304-02160-3 | |
| 000 | 00787nam0 2200229 45 | |
| 001 | 537797 | |
| 005 | 20100812144337.06 | |
| 010 | @a978-7-304-02160-3@dCNY22.00 | |
| 100 | @a20100515d2001 ekmy0 y0120 ea | |
| 102 | @aCN@b110000 | |
| 105 | @ay z 000yy | |
| 200 | 1 | @a中级财务会计实验手册@Azhong ji cai wu kuai ji shi yan shou ce@f欧阳爱平等编@Fou yang ai ping deng bian |
| 205 | @a第2版 | |
| 210 | @a北京@c中央广播电视大学出版社 | |
| 215 | @a254页@d20cm | |
| 300 | @a教育部人才培养模式改革和开放教育试点教材 | |
| 330 | @a本书分为三部分。第一部分为内容提要、重点难点解析、综合练习题;第二部分为综合练习题参考答案;第三部分为模拟实验题。 | |
| 606 | 0 | @a会计 |
| 690 | @aF234.4@v4 | |
| 701 | 0 | @a欧阳爱平@Aou yang ai ping@4编 |
| 801 | 0 | @aCN@c20100515 |
| 905 | @dF234.4@eO380=2@f4 | |
| 中级财务会计实验手册/欧阳爱平等编.-第2版.-北京:中央广播电视大学出版社 |
| 254页;20cm |
| 教育部人才培养模式改革和开放教育试点教材 |
| ISBN 978-7-304-02160-3:CNY22.00 |
| 本书分为三部分。第一部分为内容提要、重点难点解析、综合练习题;第二部分为综合练习题参考答案;第三部分为模拟实验题。 |
| ● |
| 相关链接 |
|
|
|
正题名:中级财务会计实验手册
索取号:F234.4/O380=2
 
预约/预借
| 序号 | 登录号 | 条形码 | 馆藏地/架位号 | 状态 | 备注 |
| 1 | 1026090 | 210260901 | 社科库409/400B社科库 20排1列1层/ [索取号:F234.4/O380=2] | 在馆 | |
| 2 | 1026091 | 210260910 | 社科库409/409社科库 78排1列3层/ [索取号:F234.4/O380=2] | 在馆 | |
| 3 | 1026092 | 210260929 | 社科库409/400B社科库 20排1列1层/ [索取号:F234.4/O380=2] | 在馆 | |
| 4 | 1026093 | 210260938 | 社科库409/409社科库 78排1列3层/ [索取号:F234.4/O380=2] | 在馆 |